000 00219nam a22000857a 4500
001 1235195
005 20250930111142.0
245 _aDİKDATÖRLÜK VE DEMOKRASİ
_cBRIGITTE LABBE
260 _bGÜNIŞIĞI KİTAPLIĞI YAYINLARI
999 _c1235195
_d1235195